Statistics for NBA Top Scorers By Decade

Click here to take the quiz!

General Stats

  • This quiz has been taken 122 times
  • The average score is 15 of 20

Answer Stats

% Correct
19,950LeBron James
100%
21,065Kobe Bryant
99%
18,014Michael Jordan
98%
16,315Stephen Curry
94%
21,370Karl Malone
93%
19,082Moses Malone
93%
17,899Larry Bird
90%
19,445Kevin Durant
89%
18,627James Harden
88%
17,603Russell Westbrook
85%
18,699Dirk Nowitzki
81%
16,246Kareem Abdul-Jabbar
80%
19,154Allen Iverson
79%
16,715David Robinson
69%
16,914Patrick Ewing
57%
17,812Paul Pierce
56%
17,341Vince Carter
47%
21,018Alex English
42%
18,157Adrian Dantley
25%
16,613Mitch Richmond
13%

Score Distribution

Percentile by Number Answered

Percent of People with Each Score

Your Score History

You have not taken this quiz